[Event "Oberfranken-ch U16 0304"]
[Site "Schney"]
[Date "2004.01.03"]
[Round "4"]
[White "Tschirpke, Martin"]
[Black "Hermann, Alexej"]
[Result "1/2-1/2"]
[WhiteElo "1046"]
[BlackElo "1283"]
[PlyCount "84"]
[EventDate "2004.01.02"]
[EventType "swiss"]
[EventRounds "7"]
[EventCountry "GER"]
[SourceTitle "EXT 2005"]
[Source "ChessBase"]
[SourceDate "2004.11.15"]
[SourceVersion "1"]
[SourceVersionDate "2004.11.15"]
[SourceQuality "1"]

1. c4 e5 2. Nc3 Nf6 3. g3 Bb4 4. e3 Bxc3 5. bxc3 0-0 6. Bg2 d6 7. Ne2 Nc6 8. 0-0 Bf5 9. d4 e4 10. Qb3 b6 11. Qb5 Qd7 12. d5 Na5 13. Qxd7 Nxd7 14. Nd4 g6 15. Nxf5 gxf5 16. Bh3 Nxc4 17. Bxf5 Nf6 18. Rd1 Rfe8 19. Rd4 b5 20. a4 a6 21. axb5 axb5 22. Rxa8 Rxa8 23. Rd1 Ra1 24. Rf1 Nxd5 25. Bxe4 Nxc3 26. Bd3 c6 27. Bxc4 bxc4 28. Kg2 Ne4 29. f3 Ra2+ 30. Kg1 Nc3 31. Rf2 Rxf2 32. Kxf2 Na2 33. Ba3 c3 34. Ke1 c2 35. Kd2 c1Q+ 36. Bxc1 Nxc1 37. Kxc1 Kg7 38. Kd2 Kf6 39. f4 Kf5 40. Kd3 d5 41. h3 h6 42. Kd4 h5 1/2-1/2